Z čoho pošla rozopra

Poviedka zo slovenského prostredia o problémoch mladomanželov

Bibliographic Details
Main Author: Záturecký, Adolf Peter, 1837-1904 (Author)
Format: Manuscript Book
Language:Slovak
PhysicalDescription:10 strán rukopis, voľné listy 27 cm
Published: [Brezno] [medzi 1870 a 1900?]
Subjects:

MARC

LEADER 00000ntmaa2200000 a 4500
001 vtls012129827
003 SK-MaSNL
005 20260301055410.0
008 230802q1870 xo || 000 j slo
035 |a urn:nbn:sk:snk-tm00ibj0 
035 |a 7BC65A54-5A59-4281-8428-F4AA50FE8435 
040 |a SNKLA  |b slo  |c SNKLA  |e AACR2 
041 0 |a slo 
044 |a xo  |c SK 
072 7 |a 821.162.4-3  |x Slovenská próza  |2 konspekt 
080 |a 025.171  |2 2011 
080 |a 821.162.4-32  |2 2011 
080 |a 316.361  |2 2011 
100 1 |a Záturecký, Adolf Peter,  |d 1837-1904  |4 aut  |9 114770 
245 1 0 |a Z čoho pošla rozopra  |c [Adolf Peter Záturecký] 
260 |a [Brezno]  |c [medzi 1870 a 1900?] 
300 |a 10 strán  |b rukopis, voľné listy  |c 27 cm 
500 |a Autor podľa signatúry 11 B 40 a i. 
500 |a Na titulnej strane hore x.) ceruzou 
520 2 |a Poviedka zo slovenského prostredia o problémoch mladomanželov 
555 0 |a Inventár rukopisov Literárneho archívu Matice slovenskej VII. Fondy 1 - 30. Martin : Matica slovenská 1978 
561 |a Okrúhla pečiatka: Literárny archív Matice slovenskej Martin 
561 |a Pečiatka: Prír.č. a perom 311 
650 0 7 |a manželské spolužitie  |2 SNKPH  |9 71510 
655 7 |a rukopisy  |2 SNKPH  |9 70548 
655 7 |a slovenské poviedky  |2 SNKPH  |9 70226 
852 |a Slovenská národná knižnica  |b Literárny archív 
958 |a OF 
958 |a LAVD 
999 |c 613281  |d 615211 
952 |a SNKLA  |b SNKLA  |c SNKLA_DEP  |y NEVYP  |7 0  |p 17A1230232  |o snk11 B 25  |0 0  |1 0  |4 0  |d 2022-04-04  |f 1  |l 0  |r 2026-02-23 16:29:51  |w 2026-02-23